00682 2200253 4500001002100000005001500021035002000036007000300056008004100059020001800100082000800118084001800126084001800144084001800162100001400180245008100194250001800275260003800293300004800331650001000379990001300389990001300402990001300415INLIS00000000000936920230626042112 a0010-0623000163ta230626 e f ind  a9786020332345 a813 a813 ILA w C.1 a813 ILA w C.2 a813 ILA w C.30 aIlana Tan1 aWhen Anothers Winter Comes :bbehind the scenes winter in tokyo /cIlana Tan acetakan kedua aJakarta :bKompas Gramedia,c2020 a176 hlm. :bill gambar warna ;c15 x 23 cm. 4aNovel a023.3456 a023.3454 a023.3455